000 00603nam a2200193Ia 4500
008 190412s9999 xx 000 0 und d
100 _aAlice Bonaime, Huseyin Gulen, & Mihai Ion
245 _aDoes policy uncertainty affect mergers and acquisitions? /
245 _cAlice Bonaime, Huseyin Gulen, & Mihai Ion
260 _belsevier
260 _c2018
300 _apages 531-558, September 2018
440 _aJournal of Financial Economics
_v129 (3)
650 _aFINANCE
650 _aMergers and Acquisitions
650 _aPolicy Uncertainty
650 _aReal Options
942 _2lcc
_cSE
999 _c361383
_d361383